Statistics for Country by image

Click here to take the quiz!

General Stats

  • This quiz has been taken 16 times
  • The average score is 9 of 10

Answer Stats

Answer% Correct
australia
100%
egypt
100%
france
100%
russia
100%
england
93%
austria
86%
brazil
86%
mexico
86%
india
57%
switzerland
57%

Score Distribution

Percentile by Number Answered

Percent of People with Each Score

Your Score History

You have not taken this quiz